[Event "World Open"]
[Site "Philadelphia"]
[Date "2011.07.04"]
[Round "8"]
[White "Thaler, Michael"]
[Black "Rasch, Holger"]
[Result "1-0"]
[WhiteElo "2244"]
[BlackElo "2287"]
[PlyCount "71"]
[EventDate "2011.06.??"]
[EventType "swiss"]
[EventRounds "9"]
[EventCountry "USA"]
[Source "MonRoi"]

1. e4 c5 2. Nf3 e6 3. d3 Nc6 4. g3 Nf6 5. Bg2 d5 6. Nbd2 Be7 7. O-O h6 8. h4
dxe4 9. dxe4 e5 10. Nc4 Qxd1 11. Rxd1 Ng4 12. Nh2 Nd4 13. Rd2 Nxh2 14. Kxh2 Nc6
15. c3 Be6 16. Ne3 Rd8 17. Nd5 Bd6 18. Bh3 Bxh3 19. Kxh3 Ne7 20. Nxe7 Bxe7 21.
Rxd8+ Kxd8 22. Be3 Kc7 23. Rd1 Rd8 24. Rxd8 Kxd8 25. Kg4 Bd6 26. h5 Kd7 27. Kf5
a6 28. c4 b6 29. Bd2 Ke7 30. Bc3 f6 31. f4 exf4 32. gxf4 Kf7 33. e5 Bc7 34.
exf6 gxf6 35. Bxf6 Bxf4 36. Bd8 1-0

[Event "World Open"]
[Site "Philadelphia"]
[Date "2011.07.04"]
[Round "9"]
[White "Adams, Michael"]
[Black "Gareev, Timur"]
[Result "1/2-1/2"]
[WhiteElo "2726"]
[BlackElo "2613"]
[PlyCount "41"]
[EventDate "2011.06.??"]
[EventType "swiss"]
[EventRounds "9"]
[EventCountry "USA"]
[Source "MonRoi"]

1. e4 e5 2. Nf3 Nc6 3. Bb5 a6 4. Ba4 Nf6 5. O-O Be7 6. Re1 b5 7. Bb3 d6 8. c3
O-O 9. h3 Nb8 10. d4 Nbd7 11. Nbd2 Bb7 12. Bc2 Re8 13. Nf1 Bf8 14. Ng3 g6 15.
a4 c6 16. Bg5 Qc7 17. Qd2 c5 18. b3 cxd4 19. cxd4 h6 20. Be3 d5 21. Nxe5
1/2-1/2

[Event "World Open"]
[Site "Philadelphia"]
[Date "2011.07.04"]
[Round "9"]
[White "Van Wely, Loek"]
[Black "Kacheishvili, Giorgi"]
[Result "1-0"]
[WhiteElo "2683"]
[BlackElo "2582"]
[PlyCount "49"]
[EventDate "2011.06.??"]
[EventType "swiss"]
[EventRounds "9"]
[EventCountry "USA"]
[Source "MonRoi"]

1. d4 Nf6 2. c4 e6 3. Nf3 Bb4+ 4. Bd2 Bxd2+ 5. Qxd2 d5 6. g3 Nbd7 7. Bg2 c6 8.
O-O O-O 9. Rc1 b6 10. b4 Bb7 11. Qb2 a5 12. cxd5 Nxd5 13. bxa5 Rxa5 14. Nbd2
Qe7 15. Nc4 Rb5 16. Qc2 c5 17. e4 Nb4 18. Qa4 Bxe4 19. Ne1 Bxg2 20. Kxg2 Ra5
21. Nxa5 bxa5 22. dxc5 Nxc5 23. Qxa5 Ne4 24. Rc4 Nc6 25. Qb6 1-0

[Event "World Open"]
[Site "Philadelphia"]
[Date "2011.07.04"]
[Round "9"]
[White "Gelashvili, Tamaz"]
[Black "Amanov, Mesgen"]
[Result "0-1"]
[WhiteElo "2616"]
[BlackElo "2517"]
[PlyCount "78"]
[EventDate "2011.06.??"]
[EventType "swiss"]
[EventRounds "9"]
[EventCountry "USA"]
[Source "MonRoi"]

1. c4 e6 2. Nf3 d5 3. e3 Nf6 4. b3 Be7 5. Bb2 O-O 6. d4 Nbd7 7. Bd3 c5 8. O-O
cxd4 9. exd4 b6 10. Nc3 Bb7 11. Qe2 Rc8 12. Rac1 Re8 13. Rfd1 Nf8 14. Ne5 Ng6
15. g3 dxc4 16. Bxc4 Nd5 17. Nxd5 Bxd5 18. Bb5 Rxc1 19. Rxc1 Nxe5 20. dxe5 Rf8
21. f3 Qa8 22. Kg2 Rd8 23. Rc2 h6 24. Bc4 Bb7 25. Ba6 Bd5 26. Bc4 Bb7 27. Ba6
Bc6 28. Bc1 Bc5 29. h4 Bd5 30. g4 Rf8 31. Kg3 Qb8 32. f4 Ba8 33. Be3 Be7 34. g5
hxg5 35. hxg5 Be4 36. Rd2 g6 37. Bd3 Bd5 38. Qh2 Bb4 39. Rd1 Rc8 0-1

[Event "World Open"]
[Site "Philadelphia"]
[Date "2011.07.04"]
[Round "9"]
[White "Lenderman, Alex"]
[Black "Golod, Vitali"]
[Result "1/2-1/2"]
[WhiteElo "2548"]
[BlackElo "2592"]
[PlyCount "85"]
[EventDate "2011.06.??"]
[EventType "swiss"]
[EventRounds "9"]
[EventCountry "USA"]
[Source "MonRoi"]

1. d4 Nf6 2. c4 e6 3. Nf3 d5 4. Nc3 c5 5. dxc5 Bxc5 6. e3 O-O 7. a3 dxc4 8. Qc2
Nbd7 9. Bxc4 Bd6 10. Bd2 Ne5 11. Be2 Bd7 12. Qb3 Bc6 13. Rd1 Nxf3+ 14. Bxf3 Qd7
15. Bxc6 Qxc6 16. O-O Rfd8 17. Nb5 Bc5 18. Ba5 b6 19. Bc3 a6 20. Nd4 Qd5 21.
Qxd5 Nxd5 22. Ne2 Nxc3 23. Nxc3 Be7 24. Rxd8+ Rxd8 25. Rd1 Rc8 26. Rd2 Kf8 27.
Na2 g5 28. h3 h5 29. Kf1 f5 30. Ke2 g4 31. hxg4 hxg4 32. Kd1 Ke8 33. Nc1 Bf6
34. Nd3 Rd8 35. Ke2 Rc8 36. Kd1 Rd8 37. Ke2 Rc8 38. Kd1 Ke7 39. Rc2 Rxc2 40.
Kxc2 Kd6 41. f3 gxf3 42. gxf3 Bg5 43. e4 1/2-1/2

[Event "World Open"]
[Site "Philadelphia"]
[Date "2011.07.04"]
[Round "9"]
[White "Ehlvest, Jaan"]
[Black "Wang, Puchen"]
[Result "1/2-1/2"]
[WhiteElo "2583"]
[BlackElo "2437"]
[PlyCount "67"]
[EventDate "2011.06.??"]
[EventType "swiss"]
[EventRounds "9"]
[EventCountry "USA"]
[Source "MonRoi"]

1. Nf3 Nf6 2. c4 g6 3. d4 Bg7 4. Nc3 d5 5. cxd5 Nxd5 6. e4 Nxc3 7. bxc3 c5 8.
Rb1 O-O 9. Be2 Nc6 10. d5 Ne5 11. Nxe5 Bxe5 12. Qd2 e6 13. f4 Bc7 14. O-O exd5
15. exd5 Re8 16. c4 Ba5 17. Qc2 Bf5 18. Bd3 Bxd3 19. Qxd3 Qe7 20. f5 Bc7 21.
Bb2 Qe4 22. Qh3 Be5 23. Bxe5 Rxe5 24. fxg6 hxg6 25. Rxb7 Qd4+ 26. Kh1 Rf8 27.
Qb3 Re3 28. Qb1 Rd3 29. Rb3 Rd2 30. Rbf3 Qxc4 31. Rxf7 Rxf7 32. Qxg6+ Rg7 33.
Qe8+ Kh7 34. Qh5+ 1/2-1/2

[Event "World Open"]
[Site "Philadelphia"]
[Date "2011.07.04"]
[Round "9"]
[White "Bluvshtein, Mark"]
[Black "Lapshun, Yury"]
[Result "0-1"]
[WhiteElo "2611"]
[BlackElo "2442"]
[PlyCount "56"]
[EventDate "2011.06.??"]
[EventType "swiss"]
[EventRounds "9"]
[EventCountry "USA"]
[Source "MonRoi"]

1. d4 d5 2. c4 e6 3. Nc3 c5 4. e3 Nf6 5. Nf3 Nc6 6. a3 cxd4 7. exd4 Be7 8. c5
O-O 9. b4 Ne4 10. Qd3 e5 11. Nxe5 a5 12. Bb2 Bf5 13. Nxc6 bxc6 14. Nxe4 Bxe4
15. Qc3 axb4 16. axb4 Rxa1+ 17. Bxa1 Bh4 18. Rg1 Re8 19. g3 Qf6 20. Qe3 Kf8 21.
gxh4 Bf3 22. Rg3 Rxe3+ 23. fxe3 Qxh4 24. Kf2 Be4 25. h3 f5 26. Bg2 g5 27. Bxe4
f4 28. exf4 gxf4 0-1

[Event "World Open"]
[Site "Philadelphia"]
[Date "2011.07.04"]
[Round "9"]
[White "Mulyar, Michael"]
[Black "Mikhalevski, Victor"]
[Result "0-1"]
[WhiteElo "2399"]
[BlackElo "2577"]
[PlyCount "88"]
[EventDate "2011.06.??"]
[EventType "swiss"]
[EventRounds "9"]
[EventCountry "USA"]
[Source "MonRoi"]

1. c4 Nf6 2. Nf3 e6 3. g3 d5 4. d4 dxc4 5. Bg2 Bb4+ 6. Nc3 Nc6 7. a3 Bxc3+ 8.
bxc3 e5 9. Qa4 e4 10. Nd2 O-O 11. Nxc4 Qd5 12. Ne3 Qh5 13. Qc2 Re8 14. Rb1 b6
15. h3 Na5 16. c4 Nb7 17. Bb2 c5 18. d5 Nd6 19. Bxf6 gxf6 20. Qc3 Kg7 21. g4
Qg5 22. h4 Qe5 23. Qxe5 Rxe5 24. Kd2 f5 25. gxf5 Bxf5 26. Rbg1 Kh8 27. Bh3 Bxh3
28. Rxh3 Rg8 29. Rhg3 Rg6 30. Kc3 Rh5 31. Rg4 Rxh4 32. Rxh4 Rxg1 33. Rf4 Rg5
34. Ng4 Rf5 35. Rxf5 Nxf5 36. f3 exf3 37. e4 Nd4 38. d6 h5 39. Nh2 f2 40. Kd3
Nf3 41. Nf1 Ne5+ 42. Ke2 Kg7 43. Ng3 Kf6 44. Nf5 Ke6 0-1

[Event "World Open"]
[Site "Philadelphia"]
[Date "2011.07.04"]
[Round "9"]
[White "Kekelidze, Mikheil"]
[Black "Bercys, Salvijus"]
[Result "1-0"]
[WhiteElo "2452"]
[BlackElo "2468"]
[PlyCount "57"]
[EventDate "2011.06.??"]
[EventType "swiss"]
[EventRounds "9"]
[EventCountry "USA"]
[Source "MonRoi"]

1. d4 d5 2. c4 e6 3. Nc3 c6 4. e4 Bb4 5. e5 c5 6. a3 Bxc3+ 7. bxc3 Ne7 8. Nf3
b6 9. cxd5 exd5 10. Bb5+ Bd7 11. a4 O-O 12. O-O a6 13. Bd3 Bf5 14. Bxf5 Nxf5
15. dxc5 Nd7 16. Bg5 Qc8 17. cxb6 h6 18. Qb1 Nxb6 19. Qxb6 hxg5 20. Nxg5 Qxc3
21. e6 Nh6 22. Rad1 Qe5 23. f4 Qf5 24. exf7+ Nxf7 25. Qe6 Qxe6 26. Nxe6 Rfc8
27. Rxd5 Rc2 28. h3 Rb8 29. Rf3 1-0

[Event "World Open"]
[Site "Philadelphia"]
[Date "2011.07.04"]
[Round "9"]
[White "Kleiman, Jake"]
[Black "Molner, Mackenzie"]
[Result "1/2-1/2"]
[WhiteElo "2375"]
[BlackElo "2464"]
[PlyCount "44"]
[EventDate "2011.06.??"]
[EventType "swiss"]
[EventRounds "9"]
[EventCountry "USA"]
[Source "MonRoi"]

1. e4 c5 2. c3 d5 3. exd5 Qxd5 4. d4 Nf6 5. Nf3 e6 6. Na3 cxd4 7. Nb5 Qd8 8.
Qxd4 a6 9. Qxd8+ Kxd8 10. Nbd4 Bd6 11. Nd2 Bd7 12. Nc4 Bc7 13. Nb3 b5 14. Nca5
Ke7 15. Be3 Rc8 16. Be2 Nc6 17. Nb7 Ne5 18. Bc5+ Ke8 19. Nd6+ Bxd6 20. Bxd6 Nc4
21. Bxc4 bxc4 22. Nd2 Nd5 1/2-1/2

[Event "World Open"]
[Site "Philadelphia"]
[Date "2011.07.04"]
[Round "9"]
[White "Holt, Conrad"]
[Black "Sundararajan, Kidambi"]
[Result "1-0"]
[WhiteElo "2417"]
[BlackElo "2543"]
[PlyCount "47"]
[EventDate "2011.06.??"]
[EventType "swiss"]
[EventRounds "9"]
[EventCountry "USA"]
[Source "MonRoi"]

1. d4 d5 2. c4 c6 3. Nf3 Nf6 4. Nc3 dxc4 5. a4 Bf5 6. e3 e6 7. Bxc4 Bb4 8. O-O
O-O 9. Qe2 Bg6 10. Ne5 Nbd7 11. Nxg6 hxg6 12. Rd1 Qa5 13. e4 e5 14. d5 Nb6 15.
Bb3 Rad8 16. dxc6 Bxc3 17. bxc3 Qxc3 18. Ba3 Qxb3 19. Bxf8 Rxd1+ 20. Qxd1 Qxd1+
21. Rxd1 bxc6 22. Rd8 Nxa4 23. f3 Kh7 24. Bd6 1-0

[Event "World Open"]
[Site "Philadelphia"]
[Date "2011.07.04"]
[Round "9"]
[White "Bartell, Thomas"]
[Black "Thaler, Michael"]
[Result "0-1"]
[WhiteElo "2352"]
[BlackElo "2244"]
[PlyCount "40"]
[EventDate "2011.06.??"]
[EventType "swiss"]
[EventRounds "9"]
[EventCountry "USA"]
[Source "MonRoi"]

1. c4 e5 2. Nc3 Bb4 3. Qc2 Nf6 4. a3 Bxc3 5. Qxc3 Nc6 6. Nf3 d6 7. e3 e4 8. Nd4
Ne5 9. f4 exf3 10. Nxf3 Ne4 11. Qd4 Nxf3+ 12. gxf3 Qh4+ 13. Ke2 Ng3+ 14. hxg3
Qxh1 15. Qxg7 Rf8 16. Qg5 Bd7 17. b3 f6 18. Qh4 Qxh4 19. gxh4 Rg8 20. Kf2 Rg6
0-1

[Event "World Open"]
[Site "Philadelphia"]
[Date "2011.07.04"]
[Round "9"]
[White "Jayakumar, Adarsh"]
[Black "Gorman, Dov"]
[Result "1-0"]
[WhiteElo "2170"]
[BlackElo "2323"]
[PlyCount "91"]
[EventDate "2011.06.??"]
[EventType "swiss"]
[EventRounds "9"]
[EventCountry "USA"]
[Source "MonRoi"]

1. d4 f5 2. c4 Nf6 3. Nc3 g6 4. g3 Bg7 5. Bg2 O-O 6. Nf3 d6 7. O-O Nc6 8. d5
Na5 9. Nd2 c5 10. dxc6 Nxc6 11. b3 f4 12. Bb2 fxg3 13. hxg3 Bg4 14. Nf3 Qd7 15.
Nd5 Nxd5 16. Qxd5+ Be6 17. Qd2 Bxb2 18. Qxb2 Bh3 19. Qd2 Bxg2 20. Kxg2 Rf6 21.
Qd5+ e6 22. Qd2 d5 23. Rad1 Rd8 24. cxd5 exd5 25. Nd4 Ne5 26. Qg5 Qd6 27. Rd2
a6 28. Rfd1 h6 29. Qh4 g5 30. Qh5 Rdf8 31. f3 Ng6 32. Qg4 Re8 33. Nc2 Ne7 34.
Nb4 Qb6 35. Qd7 Rd8 36. Qxe7 Re6 37. Nxd5 Rxd5 38. Qa3 Rde5 39. Qb2 g4 40. Rd8+
Kf7 41. R1d7+ Kg6 42. Rg8+ Kf6 43. Rf8+ Kg6 44. Qc2+ Kg5 45. Rg7+ Rg6 46. f4+
1-0

[Event "World Open"]
[Site "Philadelphia"]
[Date "2011.07.04"]
[Round "9"]
[White "Lee, Michael"]
[Black "Gerzhoy, Leonid"]
[Result "1/2-1/2"]
[WhiteElo "2395"]
[BlackElo "2496"]
[PlyCount "63"]
[EventDate "2011.06.??"]
[EventType "swiss"]
[EventRounds "9"]
[EventCountry "USA"]
[Source "MonRoi"]

1. c4 c5 2. Nc3 g6 3. g3 Bg7 4. Bg2 Nc6 5. e4 e6 6. Nge2 Nge7 7. O-O O-O 8. d3
d6 9. Rb1 b6 10. a3 Bb7 11. b4 Qd7 12. Be3 Nd4 13. Qd2 f5 14. Bh6 Nec6 15. Bxg7
Qxg7 16. b5 Nxe2+ 17. Nxe2 Nd4 18. Nxd4 Qxd4 19. Qe3 Qxe3 20. fxe3 fxe4 21.
dxe4 e5 22. Rbd1 Rad8 23. a4 a5 24. Rxf8+ Kxf8 25. Rf1+ Ke7 26. Rf2 Bc8 27. h3
Be6 28. Bf1 g5 29. g4 Bf7 30. Kh2 Bg6 31. Bg2 h5 32. Kg3 1/2-1/2

[Event "World Open"]
[Site "Philadelphia"]
[Date "2011.07.04"]
[Round "9"]
[White "Van Kooten, Luke"]
[Black "Zapata, Alonso"]
[Result "1-0"]
[WhiteElo "2341"]
[BlackElo "2477"]
[PlyCount "91"]
[EventDate "2011.06.??"]
[EventType "swiss"]
[EventRounds "9"]
[EventCountry "USA"]
[Source "MonRoi"]

1. d4 Nf6 2. c4 g6 3. Nc3 Bg7 4. e4 d6 5. Bd3 e5 6. d5 a5 7. Nge2 Na6 8. O-O
O-O 9. Bc2 c6 10. Kh1 Bd7 11. f3 cxd5 12. cxd5 b5 13. a4 b4 14. Nb1 Qc7 15. b3
Rfc8 16. Ra2 Qa7 17. Nd2 Bh6 18. Nc4 Bxc1 19. Qxc1 Rxc4 20. bxc4 Rc8 21. Qg5
Kg7 22. Raa1 h6 23. Qd2 Be8 24. h3 Nc5 25. Qe3 Qe7 26. f4 exf4 27. Rxf4 Nfd7
28. Nd4 Ne5 29. Raf1 Nxa4 30. Bxa4 Bxa4 31. Nf3 Be8 32. Nxe5 dxe5 33. Rf6 Rxc4
34. Ra6 a4 35. Rd1 Qh4 36. d6 Rxe4 37. Qa7 Bb5 38. d7 Re1+ 39. Rxe1 Qxe1+ 40.
Kh2 Qd2 41. Rxg6+ Kxg6 42. Qb6+ Bc6 43. Qxc6+ Kg7 44. Qc8 Qf4+ 45. Kg1 Qd4+ 46.
Kh1 1-0

[Event "World Open"]
[Site "Philadelphia"]
[Date "2011.07.04"]
[Round "9"]
[White "Getz, Alec"]
[Black "Rosen, Eric"]
[Result "1-0"]
[WhiteElo "2292"]
[BlackElo "2216"]
[PlyCount "69"]
[EventDate "2011.06.??"]
[EventType "swiss"]
[EventRounds "9"]
[EventCountry "USA"]
[Source "MonRoi"]

1. e4 c5 2. Nf3 Nc6 3. Bb5 e6 4. a3 g6 5. O-O Bg7 6. Re1 Nge7 7. Nc3 O-O 8. b4
cxb4 9. axb4 d5 10. Bxc6 Nxc6 11. b5 dxe4 12. Nxe4 Bxa1 13. c3 Bxc3 14. dxc3
Qxd1 15. Rxd1 Rd8 16. Nd6 Nb8 17. Bg5 Rxd6 18. Rxd6 Nd7 19. Bh6 f6 20. Rxe6 Kf7
21. Rd6 Nb6 22. Be3 Nc4 23. Rd8 a5 24. bxa6 bxa6 25. Bc5 a5 26. Nd4 a4 27. Rf8+
Kg7 28. Ne6+ Kh6 29. g4 f5 30. Rh8 g5 31. Rg8 fxg4 32. Bf8+ Kh5 33. Rxg5+ Kh4
34. Be7 Ra7 35. Nf4 1-0

[Event "World Open"]
[Site "Philadelphia"]
[Date "2011.07.04"]
[Round "9"]
[White "Sapozhnikov, Roman"]
[Black "Smarty, Sylvester"]
[Result "1-0"]
[WhiteElo "2318"]
[BlackElo "2161"]
[PlyCount "67"]
[EventDate "2011.06.??"]
[EventType "swiss"]
[EventRounds "9"]
[EventCountry "USA"]
[Source "MonRoi"]

1. e4 c5 2. Nf3 d6 3. d4 cxd4 4. Nxd4 Nf6 5. Nc3 a6 6. Bg5 e6 7. f4 Qb6 8. Qd3
Nc6 9. Bxf6 gxf6 10. Nb3 Bd7 11. Be2 Rg8 12. g3 O-O-O 13. O-O-O Kb8 14. Kb1 Na5
15. Bh5 Rg7 16. Rhf1 Be7 17. g4 Rc8 18. e5 Nc4 19. exd6 Nxd6 20. f5 Rxc3 21.
Qxc3 e5 22. Qd2 Bc6 23. Qh6 Ne8 24. g5 Bg2 25. Rfe1 Rxg5 26. Bxf7 Nd6 27. Qxh7
Be4 28. Bd5 Bxc2+ 29. Kxc2 Qf2+ 30. Kb1 Nxf5 31. Qh8+ Ka7 32. Qc8 Qb6 33. Bxb7
Qb4 34. Qa8+ 1-0

[Event "World Open"]
[Site "Philadelphia"]
[Date "2011.07.04"]
[Round "9"]
[White "Plotkin, Victor"]
[Black "Kudrin, Sergey"]
[Result "1/2-1/2"]
[WhiteElo "2243"]
[BlackElo "2543"]
[PlyCount "67"]
[EventDate "2011.06.??"]
[EventType "swiss"]
[EventRounds "9"]
[EventCountry "USA"]
[Source "MonRoi"]

1. e4 c5 2. c3 d5 3. exd5 Qxd5 4. d4 g6 5. Nf3 Bg7 6. Be3 cxd4 7. cxd4 Qd8 8.
Bc4 Nh6 9. Nc3 O-O 10. O-O Nf5 11. Qd2 Nc6 12. Rfd1 b6 13. Bd5 Bb7 14. Ne5 Rc8
15. Rac1 Nxe5 16. Bxb7 Nc4 17. Qe2 Rc7 18. Be4 Ncxe3 19. fxe3 Nd6 20. Bf3 e6
21. Nb5 Nxb5 22. Qxb5 Bh6 23. Qd3 Qd6 24. Rc3 Rd8 25. Rdc1 Rcd7 26. Qe4 Qb4 27.
R1c2 Bg7 28. a3 Qa5 29. Qh4 h5 30. b4 Qa6 31. Be2 Qa4 32. Bf3 Qa6 33. Be2 Qa4
34. Bf3 1/2-1/2